Qui c'est qui est à qui (Percy Jackson) - Statistiques

Statistiques générales
  • Ce quiz a été pris 33 fois
  • Le résultat moyen est 9 sur 14
Statistiques - réponses
Hint Réponse % Correct
Apollon Zeus
100%
Zeus Cronos
90%
Hadès Cronos
90%
Déméter Cronos
90%
Hestia Cronos
90%
Hephaïstos Zeus
90%
Arès Héra
71%
Artémis Léto
52%
Poséidon Rhéa
52%
Héra Rhéa
52%
Aphrodite Ouranos
45%
Hermès Maïa
42%
Athéna Métis
42%
Dionysos Sémélé
39%
Aucun quiz correspondant
Distribution des résultats
% des personnes avec chaque résultat
Percentile par nombre de réponses
Votre historique - résultats
Vous n’avez pas pris ce quiz